Logo BPK

Biblioteka

Politechniki Koszalińskiej

Objaśnienia do mapy geologiczno-gospodarczej Polski 1:50 000 : (Rekord nr 35243)

Szczegóły MARC
000 -ETYKIETA REKORDU
podpole kontrolne o stałej długości 00930nem a2200253 i 4500
001 - NUMER KONTROLNY REKORDU
pole kontrolne bg
040 ## - ŹRÓDŁO KATALOGOWANIA
Instytucja, która utworzyła rekord BPK
041 0# - KOD JĘZYKA
Kod języka tekstu pol
080 ## - UNIWERSALNA KLASYFIKACJA DZIESIĘTNA - UKD
UKD 912:33+55](438)
008 - POLE O STAŁEJ DŁUGOŚCI - DANE KONTROLNE
podpole kontrolne o stałej długości s pl f |000 0 pol
100 1# - NAZWA OSOBOWA
Nazwa osobowa KACPRZAK, Leszek
245 00 - TYTUŁ/ODPOWIEDZIALNOŚĆ
Tytuł Objaśnienia do mapy geologiczno-gospodarczej Polski 1:50 000 :
Ciąg dalszy tytułu arkusz Sianów (46) /
Pozostałe elementy strefy tytułu i oznaczenia odpowiedzialności Leszek Kacprzak, Dorota Janica, Agnieszka Tułodziecka-Duda ; Państwowy Instytut Geologiczny.
260 ## - STREFA ADRESU WYDAWNICZEGO
Miejsce wydania Warszawa :
Nazwa wydawcy/dystrybutora MŚ :
-- PIG,
Data publikacji, dystrybucji/powstania dokumentu 2003.
300 ## - STREFA OPISU FIZYCZNEGO
Objętość 40 s. :
Inne cechy fizyczne mapy, rys. ;
Rozmiary 30 cm.
500 ## - UWAGI OGÓLNE
Tekst uwagi Verso kart nie zadruk.
504 ## - UWAGA DOTYCZĄCA BIBLIOGRAFII
Informacje o bibliografii Bibliogr.
651 #9 - HASŁO PRZEDMIOTOWE W FORMIE NAZWY GEOGRAFICZNEJ
Nazwa geograficzna Polska
Określnik ogólny geologia
651 #9 - HASŁO PRZEDMIOTOWE W FORMIE NAZWY GEOGRAFICZNEJ
Nazwa geograficzna Polska
Określnik ogólny gospodarka
700 1# - HASŁO DODATKOWE - NAZWA OSOBOWA
Nazwa osobowa JANICA, Dorota
700 1# - HASŁO DODATKOWE - NAZWA OSOBOWA
Nazwa osobowa TUŁODZIECKA-DUDA, Agnieszka
710 0# - HASŁO DODATKOWE - NAZWA CIAŁA ZBIOROWEGO
Nazwa ciała zbiorowego lub jednostki geograficznej Państwowy Instytut Geologiczny
856 ## - LOKALIZACJA I DOSTĘP DO ELEKTRONICZNYCH DOKUMENTÓW ZDALNYCH
Link (URL) http://koha.tu.koszalin.pl/cgi-bin/koha/opac-detail.pl?biblionumber=35243
Tekst linku Katalog online BPK
942 ## - DODATKOWE ELEMENTY (KOHA)
Typ dokumentu Kartograficzne
Egzemplarze
Wycofany Status egzemplarza Uszkodzony Dostępność Lokalizacja stała Lokalizacja bieżąca Miejsce przechowywania Sygnatura Kod kreskowy Status: wypożyczony Ostatnio wypożyczono Typ dokumentu
      Dostępny Biblioteka Politechniki Koszalińskiej Biblioteka Politechniki Koszalińskiej Wypożyczalnia BG MP 1292 02295435 02.01.2027 24.05.2023 Kartograficzne
© 2023 Biblioteka Politechniki Koszalińskiej :: KOHA